Agricultural geography (Record no. 3933)

MARC details
000 -LEADER
fixed length control field 00383nam a22001457a 4500
008 - FIXED-LENGTH DATA ELEMENTS--GENERAL INFORMATION
fixed length control field 250623b |||||||| |||| 00| 0 eng d
020 ## - INTERNATIONAL STANDARD BOOK NUMBER
ISBN 9789351112693
100 ## - MAIN ENTRY--AUTHOR
Author Banerjee Debashish
245 ## - TITLE STATEMENT
Title Agricultural geography
260 ## - PUBLICATION, DISTRIBUTION, ETC. (IMPRINT)
Place of publication New Delhi
Name of publisher Random publications
Date of publication 2014
300 ## - COLLATION
Pagination xii,320p.
Other physical details ill.
650 ## - TRACINGS
Main Subject Agricultural geography
942 ## - ADDED ENTRY ELEMENTS (KOHA)
Item type Books
050 ## - LIBRARY OF CONGRESS CALL NUMBER
Classification number S495
Item number .B36
Holdings
Source of classification or shelving scheme Not for loan Permanent location Current location Date acquired Accession No. Full call number Barcode. Koha item type
Library of Congress Classification   Agriculture Library Agriculture Library 06/23/2025 2025/65037 S495.B36 2025-2633 Books